Statistics for Largest Countries Containing 'M'

Click here to take the quiz!

General Stats

  • This quiz has been taken 262 times
  • The average score is 15 of 20

Answer Stats

kmCountrymi% Correct
1,964,375Mexico758,449
97%
1,564,110Mongolia603,910
89%
1,240,192Mali478,841
86%
446,550Morocco142,410
86%
801,590Mozambique309,500
84%
1,030,700Mauritania398,000
82%
2,344,858D.R. Congo905,355
78%
330,803Malaysia127,724
78%
587,041Madagascar226,658
77%
1,141,748Colombia440,831
76%
357,114Germany137,882
75%
676,578Burma261,228
74%
637,657Somalia246,201
73%
390,757Zimbabwe150,872
68%
825,615Namibia318,772
67%
752,612Zambia290,585
67%
331,212Vietnam127,882
62%
475,442Cameroon183,569
61%
488,100Turkmenistan188,500
61%
527,968Yemen203,850
57%

Score Distribution

Percentile by Number Answered

Percent of People with Each Score

Your Score History

You have not taken this quiz